[Event "4NCL Online Division 3"]
[Site "online"]
[Date "2022.02.22"]
[EventDate "2022.02.22"]
[Round "3.122"]
[White "Clarkson, Andrew"]
[WhiteElo "2063"]
[WhiteTeam "Hebden Bridge 1"]
[Black "Bench, Fred"]
[BlackElo "1547"]
[BlackTeam "Shropshire and Friends 5"]
[Result "1-0"]
[PlyCount "51"]

1. e4 c6 2. d4 d5 3. Nc3 dxe4 4. Nxe4 Bf5 5. Ng3 Bg6 6. Nf3 e6 7. h4 h6 8. h5 Bh7 9. Bd3 Bxd3 10. Qxd3 Bd6 11. Ne4 Ne7 12. Bd2 b5 13. O-O-O a5 14. Kb1 b4 15. g4 a4 16. g5 Nf5 17. gxh6 Nxh6 18. Neg5 b3 19. cxb3 axb3 20. a3 Be7 21. Rhe1 Nf5 22. Rxe6 fxe6 23. Nxe6 Qd7 24. Qxf5 Bf6 25. Re1 Kf7 26. Ne5+ 1-0

[Event "4NCL Online Division 3"]
[Site "online"]
[Date "2022.02.22"]
[EventDate "2022.02.22"]
[Round "3.123"]
[White "Thompson, Richard G"]
[WhiteElo "1475"]
[WhiteTeam "Shropshire and Friends 5"]
[Black "Wedge, David C"]
[BlackElo "1898"]
[BlackTeam "Hebden Bridge 1"]
[Result "1-0"]
[PlyCount "85"]

1. d4 Nf6 2. Nf3 g6 3. Nc3 Bg7 4. e4 d6 5. Bf4 O-O 6. Qd2 Nbd7 7. O-O-O a6 8. Be2 b5 9. a3 c5 10. e5 cxd4 11. Nxd4 Nxe5 12. Bxe5 dxe5 13. Nc6 Qc7 14. Bf3 e4 15. Nxe4 Nxe4 16. Bxe4 Bb7 17. Qd7 Qf4+ 18. Kb1 Bxc6 19. Qxc6 Qe5 20. c3 Rad8 21. g3 Qh5 22. Rxd8 Rxd8 23. Qc7 Rd1+ 24. Rxd1 Qxd1+ 25. Ka2 Qe2 26. Qc8+ Bf8 27. Bc6 Qxf2 28. Qxa6 Qxh2 29. g4 Qf4 30. Qxb5 Qxg4 31. Bd7 Qd1 32. Be8 h5 33. Qc4 Qf3 34. a4 e6 35. a5 Qd5 36. Qxd5 exd5 37. Bc6 g5 38. Bxd5 g4 39. b4 Bd6 40. a6 Bb8 41. b5 h4 42. b6 h3 43. a7 1-0

[Event "4NCL Online Division 3"]
[Site "online"]
[Date "2022.02.22"]
[EventDate "2022.02.22"]
[Round "3.124"]
[White "Leonard, Pete"]
[WhiteElo "1844"]
[WhiteTeam "Hebden Bridge 1"]
[Black "Slegg, Gary"]
[BlackElo "1419"]
[BlackTeam "Shropshire and Friends 5"]
[Result "1-0"]
[PlyCount "49"]

1. e4 c5 2. Nc3 Nc6 3. g3 g6 4. Bg2 Bg7 5. d3 d6 6. Be3 Nf6 7. h3 e5 8. Qd2 Be6 9. Bh6 O-O 10. Bxg7 Kxg7 11. f4 Nh5 12. Nge2 Nd4 13. O-O Nxe2+ 14. Nxe2 exf4 15. gxf4 Qb6 16. f5 Bd7 17. Qc3+ Kg8 18. Bf3 Ng7 19. Bg4 gxf5 20. exf5 c4+ 21. d4 d5 22. f6 Ne6 23. Bxe6 Bxe6 24. Qg3+ Kh8 25. Qg7# 1-0

[Event "4NCL Online Division 3"]
[Site "online"]
[Date "2022.02.22"]
[EventDate "2022.02.22"]
[Round "3.131"]
[White "Radchenko, Alexey"]
[WhiteElo "1927"]
[WhiteTeam "Wells Globetrotters 1"]
[Black "Agrawal, Ansh"]
[BlackElo "1650"]
[BlackTeam "Warwickshire Bears B"]
[Result "1-0"]
[PlyCount "95"]

1. d4 d5 2. Nf3 Nf6 3. Bf4 Bf5 4. e3 e6 5. Bd3 Bxd3 6. Qxd3 Bd6 7. Qb5+ Nbd7 8. O-O Bxf4 9. exf4 Qc8 10. Nbd2 O-O 11. Rfe1 c6 12. Qd3 h6 13. f5 Nh7 14. fxe6 fxe6 15. Ne5 Nxe5 16. Rxe5 Qd7 17. Rae1 Rae8 18. Nf3 Rf6 19. R1e3 b6 20. Qe2 Nf8 21. Rh5 c5 22. Ne5 Qc7 23. Ng4 Rf7 24. Rxd5 exd5 25. Rxe8 cxd4 26. h3 Qf4 27. g3 Qc1+ 28. Kg2 Qxb2 29. Ne5 Qxa2 30. Nxf7 Kxf7 31. Qe7+ Kg6 32. Qxf8 Qxc2 33. Re6+ Kh7 34. Re5 a5 35. Qf5+ Qxf5 36. Rxf5 Kg6 37. Rxd5 Kf6 38. Rxd4 Ke5 39. Rd7 b5 40. Ra7 Kd4 41. Rxa5 Kc4 42. Ra7 b4 43. Rxg7 b3 44. Rb7 Kc3 45. f4 b2 46. f5 h5 47. f6 b1=Q 48. Rxb1 1-0

[Event "4NCL Online Division 3"]
[Site "online"]
[Date "2022.02.22"]
[EventDate "2022.02.22"]
[Round "3.132"]
[White "Vaidyanathan, Adithya"]
[WhiteElo "1559"]
[WhiteTeam "Warwickshire Bears B"]
[Black "Lampard, Alice"]
[BlackElo "1974"]
[BlackTeam "Wells Globetrotters 1"]
[Result "0-1"]
[PlyCount "84"]

1. Nf3 d5 2. d4 g6 3. c4 Nf6 4. Nc3 Bg7 5. Bf4 c6 6. e3 O-O 7. cxd5 cxd5 8. Bd3 a6 9. O-O Nc6 10. a3 b5 11. b4 Bb7 12. Qb3 Rc8 13. a4 Nh5 14. Bg3 Nxg3 15. hxg3 e5 16. axb5 axb5 17. Bxb5 exd4 18. Bxc6 Rxc6 19. exd4 Rc4 20. Rfd1 Qd6 21. b5 Rb4 22. Qa3 Ra8 23. Qxa8+ Bxa8 24. Rxa8+ Bf8 25. Ra6 Qc7 26. Nxd5 Qc2 27. Ne3 Qe2 28. d5 Rb2 29. Rf1 Bc5 30. Ra8+ Kg7 31. Re8 Qxb5 32. Re4 Qd3 33. Re5 Bd6 34. Re8 Re2 35. Ne1 Qb5 36. Re4 Bc5 37. N1c2 Rxc2 38. Nxc2 Qd3 39. Ree1 Qxc2 40. Rc1 Bxf2+ 41. Kh2 Qe2 42. d6 Qh5# 0-1

[Event "4NCL Online Division 3"]
[Site "online"]
[Date "2022.02.22"]
[EventDate "2022.02.22"]
[Round "3.133"]
[White "Strong, Chris M"]
[WhiteElo "1745"]
[WhiteTeam "Wells Globetrotters 1"]
[Black "Johal, Amrissa Kaur"]
[BlackElo "1432"]
[BlackTeam "Warwickshire Bears B"]
[Result "1-0"]
[PlyCount "43"]

1. e4 e5 2. Nf3 Nc6 3. Nc3 d6 4. d4 Bg4 5. d5 Nd4 6. h3 Nxf3+ 7. gxf3 Bc8 8. f4 f5 9. Be3 Nf6 10. Qd3 Qe7 11. O-O-O Bd7 12. fxe5 Nxe4 13. e6 Nxc3 14. exd7+ Qxd7 15. Qxc3 a6 16. Bg5 h6 17. Bh4 Qf7 18. Re1+ Kd7 19. Qb3 Rb8 20. Bxa6 b6 21. Qb5+ c6 22. Qxc6# 1-0

[Event "4NCL Online Division 3"]
[Site "online"]
[Date "2022.02.22"]
[EventDate "2022.02.22"]
[Round "3.134"]
[White "Vaidyanathan, Sathya"]
[WhiteElo "1468"]
[WhiteTeam "Warwickshire Bears B"]
[Black "Goatcher, Matthew W"]
[BlackElo "1702"]
[BlackTeam "Wells Globetrotters 1"]
[Result "0-1"]
[PlyCount "102"]

1. e4 Nf6 2. e5 Nd5 3. d4 d6 4. exd6 cxd6 5. Bb5+ Bd7 6. Bxd7+ Qxd7 7. Nf3 g6 8. c3 Bg7 9. O-O O-O 10. Nbd2 Nc6 11. Nb3 e6 12. Bd2 b5 13. a3 a5 14. Qc2 Rfc8 15. Qd3 Nce7 16. Qe2 Nb6 17. Rab1 Nc4 18. Be3 Nd5 19. Bc1 Nxa3 20. Ra1 Nc4 21. Nfd2 Nxd2 22. Bxd2 a4 23. Nc1 Nb6 24. Na2 Nc4 25. Rab1 d5 26. Nb4 Na5 27. Nc2 Nb3 28. Na1 Nxd2 29. Qxd2 Bf8 30. Nc2 Rc4 31. Ne3 Bh6 32. Nxd5 Qxd5 33. Qxh6 a3 34. bxa3 Rxa3 35. Qf4 Raxc3 36. Qb8+ Kg7 37. Rxb5 Qxd4 38. Qe5+ Qxe5 39. Rxe5 Kf6 40. Ree1 h5 41. g3 Rc2 42. Kg2 h4 43. Re3 g5 44. Rfe1 h3+ 45. Kxh3 Rxf2 46. Re4 Rcc2 47. Rh1 Kf5 48. Rb4 e5 49. Rb7 g4+ 50. Kh4 Rxh2+ 51. Rxh2 Rxh2# 0-1

[Event "4NCL Online Division 3"]
[Site "online"]
[Date "2022.02.22"]
[EventDate "2022.02.22"]
[Round "3.141"]
[White "Price, David P"]
[WhiteElo "1640"]
[WhiteTeam "Crewe BOL"]
[Black "Vadalia, Jainill"]
[BlackElo "1140"]
[BlackTeam "Phones Pals B"]
[Result "1/2-1/2"]
[PlyCount "36"]

1. d4 Nf6 2. Nf3 e6 3. e3 d5 4. Nbd2 c5 5. c3 Nc6 6. Bd3 Be7 7. O-O O-O 8. Ne5 Nxe5 9. dxe5 Nd7 10. f4 b6 11. Bxh7+ Kxh7 12. Qh5+ Kg8 13. Rf3 f6 14. Rh3 fxe5 15. Qh8+ Kf7 16. Qh5+ Kg8 17. Qh7+ Kf7 18. Qh5+ Kg8 1/2-1/2

[Event "4NCL Online Division 3"]
[Site "online"]
[Date "2022.02.22"]
[EventDate "2022.02.22"]
[Round "3.142"]
[White "Lukhi, Neev"]
[WhiteElo "970"]
[WhiteTeam "Phones Pals B"]
[Black "Nienaber, Kobus"]
[BlackElo "1406"]
[BlackTeam "Crewe BOL"]
[Result "1-0"]
[PlyCount "109"]

1. e4 e6 2. d4 Be7 3. Nc3 Nc6 4. Nf3 Nf6 5. Bd3 d5 6. e5 Nd7 7. O-O a6 8. Be3 Nb4 9. a3 Nxd3 10. Qxd3 O-O 11. b4 Nb6 12. Nd2 Bd7 13. Rab1 h6 14. f4 Bh4 15. Ra1 Na4 16. Nxa4 Bxa4 17. Qc3 Rc8 18. Nf3 Bb5 19. Rfc1 Be7 20. a4 Be2 21. Qd2 Bxf3 22. gxf3 f6 23. Qg2 fxe5 24. fxe5 Kh7 25. Kh1 Rf5 26. Rg1 Bg5 27. h4 Qf8 28. hxg5 Rxf3 29. Raf1 Rxf1 30. Rxf1 Qe8 31. gxh6 gxh6 32. Qg4 h5 33. Qg5 Qg6 34. Qe7+ Kh8 35. Qf6+ Qxf6 36. exf6 Kh7 37. f7 Rf8 38. Bg5 Kg6 39. Bd8 Rxf7 40. Rxf7 Kxf7 41. Bxc7 Kg6 42. Kh2 Kf5 43. Kg3 b5 44. axb5 axb5 45. Kh4 Kg6 46. Bf4 Kf5 47. Be5 Kg6 48. c3 Kh6 49. Bf4+ Kg6 50. Bg5 Kf5 51. Kxh5 e5 52. dxe5 Kxe5 53. Be3 Ke4 54. Bd4 Kf5 55. Kh6 1-0

[Event "4NCL Online Division 3"]
[Site "online"]
[Date "2022.02.22"]
[EventDate "2022.02.22"]
[Round "3.143"]
[White "Stanny, Pawel"]
[WhiteElo "1322"]
[WhiteTeam "Crewe BOL"]
[Black "Srivastava, Aditya"]
[BlackElo "654"]
[BlackTeam "Phones Pals B"]
[Result "1-0"]
[PlyCount "93"]

1. e4 c5 2. Nf3 d6 3. d4 cxd4 4. Nxd4 Nf6 5. Nc3 e5 6. Nf3 Be6 7. Bg5 Be7 8. Be2 Nbd7 9. Nb5 Nxe4 10. Bxe7 Qxe7 11. Nc7+ Kd8 12. Nxa8 Ndc5 13. O-O f6 14. Qe1 Kc8 15. Qa5 Kb8 16. Nb6 axb6 17. Qxb6 Qc7 18. Qb4 g5 19. Rfd1 d5 20. a4 g4 21. Nd2 Nxd2 22. Qxd2 h5 23. Qb4 f5 24. f3 Rg8 25. fxg4 hxg4 26. Rf1 f4 27. Rad1 f3 28. Bxf3 gxf3 29. Rxf3 Bg4 30. Rg3 Ne4 31. Rxg4 Rxg4 32. Rxd5 Nf6 33. Qf8+ Ka7 34. Qxf6 Rf4 35. Qxe5 Qb6+ 36. Rc5 Rc4 37. b4 Rxb4 38. a5 Qa6 39. Qe3 Rb1+ 40. Kf2 Qf1+ 41. Kg3 Ka6 42. Qe6+ Ka7 43. Rf5 Qc1 44. h4 Qxc2 45. Qe3+ Ka6 46. Qc5 Rb3+ 47. Kh2 1-0

[Event "4NCL Online Division 3"]
[Site "online"]
[Date "2022.02.22"]
[EventDate "2022.02.22"]
[Round "3.144"]
[White "Arya, Aadit"]
[WhiteElo "662"]
[WhiteTeam "Phones Pals B"]
[Black "Keenan, Mike"]
[BlackElo "1208"]
[BlackTeam "Crewe BOL"]
[Result "1-0"]
[PlyCount "121"]

1. e4 e5 2. Nf3 Nc6 3. Bc4 h6 4. d4 exd4 5. c3 dxc3 6. O-O cxb2 7. Bxb2 Nf6 8. e5 Nh7 9. Qb3 Qe7 10. Ba3 Nb4 11. Bxb4 Qxb4 12. Bxf7+ Kd8 13. h4 g5 14. g3 gxh4 15. gxh4 Qg4+ 16. Kh2 Be7 17. Rg1 Qf4+ 18. Rg3 Rf8 19. Bg6 Bxh4 20. Nxh4 Qxf2+ 21. Ng2 Ng5 22. Bh5 Ne4 23. Rf3 Rxf3 24. Qxf3 Qxf3 25. Bxf3 Ng5 26. Nd2 Ne6 27. Ne4 Ke7 28. Ne3 d6 29. Nd5+ Kd8 30. exd6 cxd6 31. Nxd6 Kd7 32. Nb5 a6 33. Nb6+ Kd8 34. Rd1+ Ke7 35. Nd6 Rb8 36. Ndxc8+ Kf6 37. Kg3 Kg5 38. Rd7 h5 39. Bxh5 Kxh5 40. Rd5+ Kg6 41. Kg4 Kf6 42. a4 Nc7 43. Rh5 Ke6 44. Kf4 Kf6 45. Nd7+ Kg6 46. Nxb8 Kxh5 47. Ke5 b5 48. a5 b4 49. Kd4 Nd5 50. Nb6 Nxb6 51. axb6 a5 52. b7 b3 53. Nc6 a4 54. b8=Q Kg4 55. Na5 Kf3 56. Nxb3 Ke2 57. Nc1+ Kd2 58. Qb2+ Kd1 59. Qe2+ Kxc1 60. Kc3 a3 61. Qe1# 1-0

[Event "4NCL Online Division 3"]
[Site "online"]
[Date "2022.02.22"]
[EventDate "2022.02.22"]
[Round "3.151"]
[White "Kumar, Sanjit S"]
[WhiteElo "1759"]
[WhiteTeam "KCS U13"]
[Black "Jones, Humphrey C N"]
[BlackElo "1616"]
[BlackTeam "Charlton Cobras B"]
[Result "1-0"]
[PlyCount "101"]

1. d4 d6 2. c4 Nf6 3. Nc3 g6 4. e4 Bg7 5. h3 O-O 6. Nf3 e5 7. d5 a5 8. Bg5 h6 9. Be3 Na6 10. Be2 Ne8 11. g4 f5 12. gxf5 gxf5 13. exf5 Bxf5 14. Rg1 Qf6 15. Qd2 Kh7 16. O-O-O Nc5 17. Nh2 h5 18. Rg5 Ne4 19. Nxe4 Bxe4 20. Bxh5 Bh6 21. Ng4 Bxg5 22. Nxf6+ Bxf6 23. f3 Bg6 24. Bxg6+ Kxg6 25. Qd3+ Kf7 26. Qh7+ Ng7 27. Rg1 Rg8 28. Bh6 c6 29. Qg6+ Ke7 30. Qh7 Kf7 31. Bxg7 Rxg7 32. Rxg7+ Bxg7 33. Qf5+ Kg8 34. Qe6+ Kh7 35. Qxd6 cxd5 36. Qxd5 Rf8 37. Qxb7 Rf4 38. Qd5 Rd4 39. Qf7 Rf4 40. Qh5+ Kg8 41. b3 e4 42. fxe4 Rf1+ 43. Kc2 Rf2+ 44. Kd3 Rxa2 45. c5 Rb2 46. Qd5+ Kh7 47. c6 Rb1 48. c7 Rd1+ 49. Kc2 Rxd5 50. exd5 Be5 51. c8=Q 1-0

[Event "4NCL Online Division 3"]
[Site "online"]
[Date "2022.02.22"]
[EventDate "2022.02.22"]
[Round "3.152"]
[White "Rogers, David M"]
[WhiteElo "1643"]
[WhiteTeam "Charlton Cobras B"]
[Black "Soulier, Alfred"]
[BlackElo "1718"]
[BlackTeam "KCS U13"]
[Result "0-1"]
[PlyCount "106"]

1. c4 Nf6 2. g3 g6 3. Bg2 Bg7 4. Nc3 O-O 5. e4 d6 6. Nge2 c5 7. O-O Nc6 8. d3 a6 9. h3 Rb8 10. a4 Ne8 11. Be3 e5 12. Qd2 Nc7 13. f4 exf4 14. gxf4 b5 15. axb5 axb5 16. cxb5 Nxb5 17. Nxb5 Rxb5 18. Nc3 Rb8 19. f5 Nd4 20. Rae1 Ba6 21. Bh6 Nb3 22. Qf4 Bd4+ 23. Kh1 Be5 24. Qg4 Bg7 25. Bxg7 Kxg7 26. Qg3 Kh8 27. e5 Rg8 28. f6 dxe5 29. Nd5 Bb7 30. Rxe5 Re8 31. Rxe8+ Qxe8 32. Ne7 Bxg2+ 33. Qxg2 Nd4 34. Qg5 Qf8 35. Qxc5 Ne6 36. Qc3 Qd8 37. Qd2 Qd7 38. Nxg6+ hxg6 39. Qh6+ Kg8 40. Re1 Qd5+ 41. Re4 Qg5 42. Qxg5 Nxg5 43. Rg4 Ne6 44. b4 Rd8 45. Rc4 Rxd3 46. Rc8+ Rd8 47. Rxd8+ Nxd8 48. Kg2 Kf8 49. Kf3 Ke8 50. Ke4 Kd7 51. Kd5 Ne6 52. h4 Nc7+ 53. Kc5 Na6+ 0-1

[Event "4NCL Online Division 3"]
[Site "online"]
[Date "2022.02.22"]
[EventDate "2022.02.22"]
[Round "3.153"]
[White "Patel, Zain"]
[WhiteElo "1642"]
[WhiteTeam "KCS U13"]
[Black "Smillie, Robert"]
[BlackElo "1650"]
[BlackTeam "Charlton Cobras B"]
[Result "1-0"]
[PlyCount "83"]

1. d4 Nf6 2. Nf3 e6 3. c4 b6 4. g3 Ba6 5. Nbd2 c5 6. Bg2 Nc6 7. Ne5 Nxd4 8. Bxa8 Qxa8 9. f3 Bd6 10. Nd3 Ng4 11. Ne4 Bc7 12. b3 f5 13. Nef2 Nf6 14. O-O Bb7 15. Bb2 h5 16. Bxd4 cxd4 17. c5 h4 18. cxb6 axb6 19. Qc1 Qb8 20. f4 hxg3 21. hxg3 Ne4 22. Nxe4 fxe4 23. Ne5 e3 24. Nf3 g5 25. Qc2 Rg8 26. Qh7 Rf8 27. Nxg5 Bd6 28. Qg6+ Kd8 29. Nf7+ Kc7 30. Rac1+ Bc5 31. b4 Rh8 32. Nxh8 Qxh8 33. Rf3 Bxf3 34. exf3 d3 35. Qxd3 Qh3 36. Qg6 e2+ 37. bxc5 bxc5 38. Rxc5+ Kd6 39. Rc1 Qh8 40. Qd3+ Ke7 41. Qxe2 Qd4+ 42. Kg2 1-0

[Event "4NCL Online Division 3"]
[Site "online"]
[Date "2022.02.22"]
[EventDate "2022.02.22"]
[Round "3.154"]
[White "Verbytski, Oleg"]
[WhiteElo "1492"]
[WhiteTeam "Charlton Cobras B"]
[Black "Luthia, Indra Jatin"]
[BlackElo "1376"]
[BlackTeam "KCS U13"]
[Result "1/2-1/2"]
[PlyCount "134"]

1. e4 e5 2. Nf3 Nc6 3. Bc4 Nf6 4. O-O Be7 5. c3 O-O 6. Re1 d6 7. d4 Bg4 8. d5 Nb8 9. h3 Bh5 10. b4 Nbd7 11. a4 a5 12. Bb3 h6 13. Nbd2 Nb6 14. Nc4 Nxc4 15. Bxc4 Bg6 16. Bd3 c6 17. dxc6 bxc6 18. Bb2 Qc7 19. Nh4 Bh7 20. Nf5 Bxf5 21. exf5 d5 22. b5 e4 23. Be2 cxb5 24. Bxb5 Qf4 25. Qe2 Bd6 26. g3 Qxf5 27. Kg2 Bc5 28. Rad1 Rad8 29. Bc1 Rd6 30. Bf4 Re6 31. Be3 Bxe3 32. Qxe3 Rd8 33. Rd4 Nd7 34. Red1 Nf6 35. c4 Red6 36. c5 Re6 37. Rc1 Rc8 38. c6 Rc7 39. Rd2 Qe5 40. Qb6 e3 41. fxe3 Ne4 42. Qb8+ Re8 43. Qxe8+ Qxe8 44. Rxd5 Nf6 45. Rd3 Qe4+ 46. Kh2 Nd5 47. Rcd1 Nb4 48. Rd4 Qxe3 49. Rd7 Rxc6 50. Bxc6 Nxc6 51. R7d2 Ne5 52. Kg2 Nf3 53. Rf2 Ne1+ 54. Kf1 Nd3 55. Rfd2 Qf3+ 56. Kg1 Qxg3+ 57. Kf1 Qxh3+ 58. Kg1 Nf4 59. Rf2 Qg3+ 60. Kf1 Nh3 61. Rfd2 Nf4 62. Rf2 h5 63. Rfd2 h4 64. Rd8+ Kh7 65. Rh8+ Kxh8 66. Rd8+ Kh7 67. Rh8+ Kxh8 1/2-1/2

[Event "4NCL Online Division 3"]
[Site "online"]
[Date "2022.02.22"]
[EventDate "2022.02.22"]
[Round "3.161"]
[White "Bray, David"]
[WhiteElo "2012"]
[WhiteTeam "Braunstone"]
[Black "Robinson, Adam"]
[BlackElo "1990"]
[BlackTeam "Hackney Hackers"]
[Result "0-1"]
[PlyCount "84"]

1. Nf3 g6 2. c4 Bg7 3. Nc3 d6 4. d4 Nd7 5. e4 e5 6. Bg5 Ne7 7. dxe5 Nxe5 8. Nxe5 Bxe5 9. Nd5 f6 10. Nxf6+ Bxf6 11. Bxf6 Rf8 12. Bg5 c6 13. Qd2 Qb6 14. Be3 c5 15. O-O-O Rf6 16. Be2 Bd7 17. e5 Re6 18. Bf4 O-O-O 19. Bg4 Nf5 20. Bxf5 gxf5 21. exd6 Re4 22. b3 Rd4 23. Qe3 Re8 24. Qg3 Rde4 25. f3 R4e6 26. Rhe1 Qa5 27. Rxe6 Rxe6 28. Qg8+ Re8 29. Qd5 Qa3+ 30. Kb1 Re2 31. Bd2 Be6 32. Qd3 Rxg2 33. Qe3 Bd7 34. Qh6 b6 35. Qf8+ Kb7 36. Qd8 Rg7 37. Qc7+ Ka6 38. Re1 f4 39. Qd8 Bf5+ 40. Ka1 Rg2 41. Rd1 Rxd2 42. Rxd2 Qc1# 0-1

[Event "4NCL Online Division 3"]
[Site "online"]
[Date "2022.02.22"]
[EventDate "2022.02.22"]
[Round "3.162"]
[White "Wright, Robert"]
[WhiteElo "1969"]
[WhiteTeam "Hackney Hackers"]
[Black "Tang, Julian"]
[BlackElo "1772"]
[BlackTeam "Braunstone"]
[Result "1-0"]
[PlyCount "87"]

1. e4 d5 2. exd5 Qxd5 3. Nf3 Nf6 4. d4 Bg4 5. Be2 Nc6 6. h3 Bh5 7. Be3 e6 8. c4 Bb4+ 9. Nc3 Bxc3+ 10. bxc3 Qa5 11. O-O Ne4 12. Qb3 Qb6 13. Qc2 Bg6 14. Nh4 Nf6 15. Nxg6 hxg6 16. d5 Qa5 17. dxc6 bxc6 18. Bf3 Qa6 19. Bc5 Nd7 20. Bd4 f6 21. Qxg6+ Kf8 22. Bh5 Rxh5 23. Qxh5 Ke7 24. Bc5+ Nxc5 25. Qxc5+ Kf7 26. Rfd1 Kg6 27. g4 Rh8 28. Kg2 Qc8 29. Qxc6 Rh4 30. Rd7 Qh8 31. Qe4+ Kh6 32. Qxe6 Kg5 33. Qf5+ Kh6 34. Kg3 g6 35. Qe4 f5 36. Qe3+ f4+ 37. Qxf4+ g5 38. Qe3 Rxh3+ 39. Kxh3 Kg6+ 40. Kg3 Qh4+ 41. Kf3 Qh3+ 42. Ke2 Qxg4+ 43. f3 Qxc4+ 44. Qd3+ 1-0

[Event "4NCL Online Division 3"]
[Site "online"]
[Date "2022.02.22"]
[EventDate "2022.02.22"]
[Round "3.163"]
[White "Pyun, Lindsay"]
[WhiteElo "1753"]
[WhiteTeam "Braunstone"]
[Black "Ciesielski, Marceli"]
[BlackElo "1777"]
[BlackTeam "Hackney Hackers"]
[Result "0-1"]
[PlyCount "56"]

1. e4 c5 2. Nf3 d6 3. d4 cxd4 4. Nxd4 Nf6 5. Nc3 a6 6. Be3 e5 7. Nb3 Be6 8. f3 Be7 9. Qd2 Nbd7 10. g4 b5 11. O-O-O O-O 12. h4 Nb6 13. h5 b4 14. Ne2 Nc4 15. Qd3 Nxe3 16. Qxe3 a5 17. Kb1 a4 18. Nd2 Qa5 19. c3 Rfb8 20. Ka1 Bxa2 21. Kxa2 b3+ 22. Kb1 a3 23. Nc4 Qa4 24. Nxa3 d5 25. Qc1 Bxa3 26. bxa3 b2 27. Qe3 Qxd1+ 28. Ka2 b1=Q# 0-1

[Event "4NCL Online Division 3"]
[Site "online"]
[Date "2022.02.22"]
[EventDate "2022.02.22"]
[Round "3.164"]
[White "Scott, David"]
[WhiteElo "1818"]
[WhiteTeam "Hackney Hackers"]
[Black "Mehta, Sophie"]
[BlackElo "1402"]
[BlackTeam "Braunstone"]
[Result "1-0"]
[PlyCount "79"]

1. d4 Nf6 2. c4 e5 3. dxe5 Ng4 4. Nf3 Nc6 5. Nc3 Ngxe5 6. e3 Bb4 7. Bd2 Ng6 8. Be2 O-O 9. O-O d6 10. Qc2 Bg4 11. Rfe1 Nge5 12. Nxe5 Nxe5 13. Bxg4 Nxg4 14. a3 Bxc3 15. Bxc3 Qh4 16. h3 Nh6 17. Qd3 Rae8 18. Qd5 Qe4 19. Rad1 Qxd5 20. cxd5 Nf5 21. e4 Ne7 22. Rd4 f5 23. f4 fxe4 24. Rdxe4 Kf7 25. Bxg7 Rg8 26. Bh6 Nxd5 27. Rxe8 Rxe8 28. Rxe8 Kxe8 29. Kf2 Kf7 30. f5 c5 31. g4 b5 32. Kf3 a5 33. h4 a4 34. Bc1 b4 35. g5 Ne7 36. Ke4 c4 37. axb4 Nc6 38. b5 Nb4 39. b6 Na6 40. Kd5 1-0

[Event "4NCL Online Division 3"]
[Site "online"]
[Date "2022.03.08"]
[EventDate "2022.03.08"]
[Round "4.11"]
[White "Lockett, Daniel"]
[WhiteElo "1694"]
[WhiteTeam "Shropshire and Friends 4"]
[Black "Freund, Michael P"]
[BlackElo "1699"]
[BlackTeam "Deaf England 1"]
[Result "0-1"]
[PlyCount "66"]

1. e4 e6 2. d4 d5 3. exd5 exd5 4. Nf3 Bd6 5. Bd3 Ne7 6. O-O O-O 7. c3 c6 8. Qc2 g6 9. Bg5 Qc7 10. c4 dxc4 11. Bxc4 Bf5 12. Qc3 Nd7 13. Bh6 Rfe8 14. Qb3 Nd5 15. Bxd5 cxd5 16. Qxd5 Nf6 17. Qb3 Ng4 18. Be3 Bxh2+ 19. Kh1 Bf4 20. Re1 Bxe3 21. fxe3 Nxe3 22. Nbd2 Ng4 23. Nf1 Rac8 24. Qa4 Qb8 25. Rac1 Rcd8 26. Qb3 Be6 27. Qb4 Nf2+ 28. Kg1 Nd3 29. Qd2 Nxc1 30. Qh6 f6 31. Rxc1 Bd5 32. Nh4 Qd6 33. Nxg6 f5 0-1

[Event "4NCL Online Division 3"]
[Site "online"]
[Date "2022.03.08"]
[EventDate "2022.03.08"]
[Round "4.12"]
[White "MacLeod, Alasdair"]
[WhiteElo "1790"]
[WhiteTeam "Deaf England 1"]
[Black "Bailey, Adrian"]
[BlackElo "1648"]
[BlackTeam "Shropshire and Friends 4"]
[Result "1-0"]
[PlyCount "71"]

1. e4 e5 2. Nf3 Nc6 3. Bc4 Bc5 4. b4 Bxb4 5. c3 Ba5 6. d4 d6 7. Qb3 Qf6 8. d5 Nd4 9. Nxd4 exd4 10. Qa4+ Bd7 11. Qxa5 Ne7 12. O-O O-O 13. Bb2 b5 14. Bd3 Rfc8 15. cxd4 c5 16. dxc6 Nxc6 17. Qd2 Qe7 18. Re1 Rab8 19. Bf1 a5 20. Nc3 b4 21. Nd5 Qd8 22. Ba6 Be6 23. Bxc8 Rxc8 24. Nf4 Bc4 25. d5 Ne5 26. Bxe5 dxe5 27. Nd3 Bxd3 28. Qxd3 Rc3 29. Qd2 Qd7 30. Rec1 Qc8 31. Rxc3 bxc3 32. Qc2 f6 33. Rc1 Qc4 34. Qxc3 Qxa2 35. d6 Qe2 36. Qc4+ 1-0

[Event "4NCL Online Division 3"]
[Site "online"]
[Date "2022.03.08"]
[EventDate "2022.03.08"]
[Round "4.13"]
[White "Love, Phil"]
[WhiteElo "1631"]
[WhiteTeam "Shropshire and Friends 4"]
[Black "Marchant-Winsor, Jordan"]
[BlackElo "1613"]
[BlackTeam "Deaf England 1"]
[Result "1/2-1/2"]
[PlyCount "73"]

1. e4 c5 2. Nf3 e6 3. d4 cxd4 4. Nxd4 Nc6 5. Be3 Nf6 6. Bd3 d5 7. Nd2 Be7 8. Nxc6 bxc6 9. e5 Nd7 10. f4 Nc5 11. Be2 O-O 12. Nb3 Ne4 13. O-O a5 14. Bd3 a4 15. Nd4 Qc7 16. c4 c5 17. Nf3 Bb7 18. cxd5 exd5 19. Bxe4 dxe4 20. Nd2 Ba6 21. Rf2 Rfd8 22. Qxa4 Bd3 23. Qd1 c4 24. Qe1 Rdb8 25. Nb1 Rb7 26. Nc3 Qa5 27. g3 Rab8 28. Qc1 Bf8 29. h3 Qb4 30. Kg2 Qxb2 31. Rxb2 Rxb2+ 32. Kg1 Rc2 33. Qe1 Rbb2 34. Bf2 Bb4 35. Rc1 Bxc3 36. Rxc2 Rxc2 37. Qe3 1/2-1/2

[Event "4NCL Online Division 3"]
[Site "online"]
[Date "2022.03.08"]
[EventDate "2022.03.08"]
[Round "4.14"]
[White "Hunter, Gary"]
[WhiteElo "1465"]
[WhiteTeam "Deaf England 1"]
[Black "Holmes, Nick D"]
[BlackElo "1563"]
[BlackTeam "Shropshire and Friends 4"]
[Result "1-0"]
[PlyCount "59"]

1. Nf3 Nf6 2. g3 c5 3. Bg2 d5 4. O-O Nc6 5. d4 cxd4 6. Nxd4 e6 7. Nxc6 bxc6 8. c4 Bc5 9. Qc2 Qb6 10. e3 O-O 11. Nc3 Bd6 12. Na4 Qd8 13. b3 Bd7 14. Rd1 Be5 15. Rb1 Rc8 16. Nc3 Bxc3 17. Qxc3 Rb8 18. Bb2 h6 19. e4 Ne8 20. Ba3 Nf6 21. Bxf8 Kxf8 22. exd5 exd5 23. cxd5 Qb6 24. dxc6 Bg4 25. Rd2 Bf5 26. Rbd1 Be4 27. c7 Rc8 28. Rd8+ Ke7 29. Qe5+ Qe6 30. Qc5+ 1-0

[Event "4NCL Online Division 3"]
[Site "online"]
[Date "2022.03.08"]
[EventDate "2022.03.08"]
[Round "4.21"]
[White "Healey, Grant"]
[WhiteElo "1778"]
[WhiteTeam "Kernow Knights"]
[Black "Smith, Peter J"]
[BlackElo "1582"]
[BlackTeam "Bishop Trojans"]
[Result "1-0"]
[PlyCount "65"]

1. d4 h6 2. Nf3 d6 3. e4 a6 4. h3 c6 5. e5 d5 6. Bd3 e6 7. O-O Nd7 8. Nbd2 Ne7 9. Nh4 g5 10. Nhf3 Bg7 11. Nh2 h5 12. f4 Nf8 13. fxg5 Neg6 14. Ndf3 Bd7 15. h4 Qe7 16. g3 O-O-O 17. Qe2 Be8 18. Bd2 Kb8 19. a4 Rc8 20. b4 Nd7 21. Rfb1 Nb6 22. b5 axb5 23. axb5 Nc4 24. Bxc4 dxc4 25. bxc6 Rxc6 26. Bb4 Qc7 27. Bd6 Rxd6 28. exd6 Qxd6 29. Qxc4 Qxg3+ 30. Kh1 Bc6 31. Qxc6 Qc7 32. Ra8+ Kxa8 33. Qxc7 1-0

[Event "4NCL Online Division 3"]
[Site "online"]
[Date "2022.03.08"]
[EventDate "2022.03.08"]
[Round "4.22"]
[White "Robinson, Brian"]
[WhiteElo "1640"]
[WhiteTeam "Bishop Trojans"]
[Black "Rodrigo, Y Jan"]
[BlackElo "1692"]
[BlackTeam "Kernow Knights"]
[Result "0-1"]
[PlyCount "130"]

1. d4 e6 2. c4 f5 3. Nc3 Nf6 4. Nf3 Bb4 5. Qb3 a5 6. a3 a4 7. Qc2 Bxc3+ 8. Qxc3 O-O 9. Bg5 Qe8 10. e3 b6 11. Be2 Bb7 12. O-O d6 13. Rac1 Nbd7 14. Rfd1 Ne4 15. Qc2 h6 16. Bh4 g5 17. Bg3 Ndf6 18. c5 bxc5 19. dxc5 Nxc5 20. Nd4 Be4 21. Qc3 Nd5 22. Qe1 f4 23. exf4 Nxf4 24. Bxf4 Rxf4 25. f3 Bd5 26. Bf1 Qf7 27. Nb5 Rf8 28. Nc3 Ba8 29. Ne2 Rf6 30. Nd4 Kh8 31. Qe3 e5 32. Nb5 Qe7 33. Nc3 Nb3 34. Rc2 Nd4 35. Rf2 Qf7 36. Ne4 Rf4 37. Nd2 g4 38. Be2 gxf3 39. Bxf3 Nxf3+ 40. Nxf3 Bxf3 41. Rxf3 Rxf3 42. Qxh6+ Qh7 43. Qxh7+ Kxh7 44. gxf3 Rxf3 45. Kg2 Rb3 46. Rd2 Kg6 47. Rf2 d5 48. Rc2 d4 49. Rd2 c5 50. Re2 Kf5 51. Rf2+ Ke4 52. h4 c4 53. h5 c3 54. h6 Rb8 55. bxc3 dxc3 56. h7 Rh8 57. Rf7 Kd3 58. Rd7+ Ke3 59. Rc7 Kd3 60. Rd7+ Kc4 61. Rb7 e4 62. Kf2 c2 63. Rc7+ Kb3 64. Rb7+ Kxa3 65. Ke3 c1=Q+ 0-1